[Event "Leitersdorf Region-ch"]
[Site "Leitersdorf"]
[Date "2014.01.05"]
[Round "4"]
[White "Troester, Franz"]
[Black "Zach, Hannes"]
[Result "1/2-1/2"]
[WhiteElo "1797"]
[BlackElo "1570"]
[PlyCount "58"]
[EventDate "2014.01.02"]
[EventType "swiss"]
[EventRounds "5"]
[EventCountry "AUT"]
[SourceTitle "CBM 158 Extra"]
[Source "ChessBase"]
[SourceDate "2014.02.28"]
[SourceVersion "1"]
[SourceVersionDate "2014.02.28"]
[SourceQuality "1"]

1. e4 d5 2. exd5 Qxd5 3. d4 e5 4. Nf3 Bg4 5. Be2 exd4 6. 0-0 Nc6 7. Nc3 Qd7 8. Nb5 Bxf3 9. Bxf3 a6 10. Re1+ Be7 11. Na3 0-0-0 12. Nc4 Kb8 13. Bf4 Bc5 14. a3 Nge7 15. b4 Ba7 16. Rb1 Nd5 17. Bd2 Nb6 18. Nxb6 Bxb6 19. b5 axb5 20. Rxb5 Rhe8 21. Bf4 Rxe1+ 22. Qxe1 Re8 23. Qb1 Qe7 24. Kf1 Ka8 25. a4 Ba5 26. g3 Qe1+ 27. Qxe1 Rxe1+ 28. Kg2 Bb6 29. Bd2 Ra1 1/2-1/2

[Event "Leitersdorf Region-ch"]
[Site "Leitersdorf"]
[Date "2014.01.03"]
[Round "2"]
[White "Gutmann, Alois"]
[Black "Troester, Franz"]
[Result "1-0"]
[WhiteElo "2048"]
[BlackElo "1797"]
[PlyCount "71"]
[EventDate "2014.01.02"]
[EventType "swiss"]
[EventRounds "5"]
[EventCountry "AUT"]
[SourceTitle "CBM 158 Extra"]
[Source "ChessBase"]
[SourceDate "2014.02.28"]
[SourceVersion "1"]
[SourceVersionDate "2014.02.28"]
[SourceQuality "1"]

1. d4 Nf6 2. Nf3 d5 3. c4 e6 4. Bg5 Be7 5. Nc3 0-0 6. e3 b6 7. Bxf6 Bxf6 8. cxd5 exd5 9. Bd3 Bg4 10. Qc2 g6 11. Nd2 c5 12. dxc5 Nc6 13. Qa4 Ne5 14. Ba6 bxc5 15. 0-0 Rb8 16. Rab1 d4 17. exd4 cxd4 18. Nce4 Bg7 19. Nc5 Bf5 20. Nde4 Qd5 21. f3 Rb6 22. Kh1 Rfb8 23. b4 Nc4 24. Bxc4 Qxc4 25. a3 Bh6 26. Qxa7 d3 27. Nd6 Rxd6 28. Qxb8+ Bf8 29. g4 Be6 30. Nxe6 Rxe6 31. Rbc1 Qxc1 32. Rxc1 d2 33. Rg1 Kg7 34. Qf4 Re2 35. Qd4+ Kg8 36. Qd3 1-0

[Event "Leitersdorf Region-ch"]
[Site "Leitersdorf"]
[Date "2014.01.02"]
[Round "1"]
[White "Troester, Franz"]
[Black "Konrad, Johann"]
[Result "1-0"]
[WhiteElo "1797"]
[BlackElo "1475"]
[PlyCount "40"]
[EventDate "2014.01.02"]
[EventType "swiss"]
[EventRounds "5"]
[EventCountry "AUT"]
[SourceTitle "CBM 158 Extra"]
[Source "ChessBase"]
[SourceDate "2014.02.28"]
[SourceVersion "1"]
[SourceVersionDate "2014.02.28"]
[SourceQuality "1"]

1. e4 c5 2. Nf3 b6 3. d4 cxd4 4. Nxd4 Bb7 5. Bd3 e6 6. 0-0 a6 7. c4 Bc5 8. Be3 Nf6 9. Nc3 Qc7 10. Kh1 Qe5 11. f4 Qh5 12. Be2 Qh6 13. Rf3 Nxe4 14. f5 Qh4 15. Nxe4 Qxe4 16. fxe6 fxe6 17. Rg3 Qe5 18. b4 Bd6 19. Qd2 Qf6 20. Rf1 Qe7 1-0

[Event "Leitersdorf Region-ch"]
[Site "Leitersdorf"]
[Date "2012.01.06"]
[Round "4.1"]
[White "Gutmann, Alois"]
[Black "Troester, Franz"]
[Result "1-0"]
[WhiteElo "2067"]
[BlackElo "1750"]
[PlyCount "71"]
[EventDate "2012.01.03"]
[EventType "swiss"]
[EventRounds "5"]
[EventCountry "AUT"]
[SourceTitle "EXT 2013"]
[Source "ChessBase"]
[SourceDate "2012.11.22"]
[SourceVersion "1"]
[SourceVersionDate "2012.11.22"]
[SourceQuality "1"]

1. b3 d5 2. Bb2 Nf6 3. e3 c5 4. f4 Nc6 5. Bb5 a6 6. Bxc6+ bxc6 7. Nf3 Bg4 8. 0-0 e6 9. Qe1 Be7 10. Ne5 Rc8 11. Nxg4 Nxg4 12. Qe2 Bf6 13. Bxf6 Qxf6 14. Nc3 Qf5 15. Qxa6 0-0 16. Qe2 Nf6 17. d3 Rfe8 18. e4 Qg6 19. e5 Nd7 20. Rf3 f6 21. Re1 Ra8 22. a4 Rab8 23. Qd2 Rb4 24. a5 Qh6 25. exf6 Nxf6 26. Qf2 d4 27. Rh3 Qg6 28. Rg3 Qh6 29. Ne4 Nd5 30. Nxc5 Ne3 31. c3 Rb5 32. cxd4 Nf5 33. Rg5 Qf6 34. Re5 Rxa5 35. Na4 Rb5 36. Rgxf5 1-0